Countries that occupied Moscow - Statistics

General Stats
  • This quiz has been taken 55 times
    54 since last reset
  • The average score is 4 of 6
Answer Stats
Hint Answer % Correct
Moscow is the capital Russia
88%
Empire France
83%
Commonwealth Poland
67%
Moscow is the capital Soviet Union
67%
Commonwealth Lithuania
60%
Empire Mongolia
52%
No matching quizzes found
Score Distribution
Percent of People with Each Score
Percentile by Number Answered
Your Score History
You have not taken this quiz since the last reset